Uso de las redes sociales virtuales en la población adulta mayor. Una experiencia de investigación - acción /
Na minha lista:
| Autor principal: | |
|---|---|
| Formato: | Livro |
| Idioma: | Spanish |
| Publicado em: |
San José, Costa Rica:
INIE,
2013
|
| Assuntos: | |
| Tags: |
Adicionar Tag
Sem tags, seja o primeiro a adicionar uma tag!
|
MARC
| LEADER | 00000nam a2200000 4500 | ||
|---|---|---|---|
| 008 | 151215b2013 C ||||| |||| 00| | spa d | ||
| 090 | |a 19.01.02 |b 2168 | ||
| 100 | 1 | |9 1222 |a Murillo Rivera, Maureen | |
| 245 | 1 | 0 | |a Uso de las redes sociales virtuales en la población adulta mayor. Una experiencia de investigación - acción / |c Maureen Murillo Rivera |
| 260 | |a San José, Costa Rica: |b INIE, |c 2013 | ||
| 300 | |a 449 páginas | ||
| 500 | |a Informe final proyecto de investigación N°. 724-B1-310 | ||
| 650 | 1 | 4 | |9 484 |a TECNOLOGÍA DE LA INFORMACIÓN |
| 650 | 1 | 4 | |9 925 |a TECNOLOGÍA DE LAS COMUNICACIONES |
| 650 | 1 | 4 | |9 297 |a REDES SOCIALES |
| 650 | 1 | 4 | |9 1 |a EDUCACIÓN |
| 650 | 1 | 4 | |9 350 |a INTERNET |
| 650 | 1 | 4 | |9 821 |a ADULTOS |
| 942 | |i 003831 |h 19.01.02 2168 |2 z |c 04 | ||
| 999 | |c 2978 |d 2978 | ||
